000
00296nam a22001337a 4500
008
181204b xxu||||| |||| 00| 0 eng d
020
_a
0471148792
041
_a
eng
080
_a
004
100
_a
35
101
_a
SHK
245
_a
Trading Systems And Methods
_c
Kaufman.M
942
_2
udc
_c
BK
999
_c
52769
_d
52769